Pōtana. (Record no. 64691)
[ view plain ]
| 000 -LEADER | |
|---|---|
| fixed length control field | 00563cam a22002171 4500 |
| 001 - CONTROL NUMBER | |
| control field | sa 65006501 |
| 003 - CONTROL NUMBER IDENTIFIER | |
| control field | DLC |
| 005 - DATE AND TIME OF LATEST TRANSACTION | |
| control field | 20260227112142.0 |
| 008 - FIXED-LENGTH DATA ELEMENTS--GENERAL INFORMATION | |
| fixed length control field | 890710s1962 ii c 000 0 telo |
| 010 ## - LIBRARY OF CONGRESS CONTROL NUMBER | |
| LC control number | sa 65006501 |
| 035 ## - SYSTEM CONTROL NUMBER | |
| System control number | (OCoLC)19989026 |
| 040 ## - CATALOGING SOURCE | |
| Original cataloging agency | DLC |
| Transcribing agency | WaU |
| Modifying agency | DLC |
| 042 ## - AUTHENTICATION CODE | |
| Authentication code | premarc |
| 050 00 - LIBRARY OF CONGRESS CALL NUMBER | |
| Classification number | PL4780.9.P713 |
| Item number | P6 1962 |
| 100 1# - MAIN ENTRY--PERSONAL NAME | |
| Personal name | Prabhuliṅgācāryulu, Kannekaṇṭi, |
| Dates associated with a name | -1947. |
| 245 00 - TITLE STATEMENT | |
| Title | Pōtana. |
| 260 ## - PUBLICATION, DISTRIBUTION, ETC. | |
| Date of publication, distribution, etc. | [1962] |
| 300 ## - PHYSICAL DESCRIPTION | |
| Extent | 93 p. |
| Other physical details | port. |
| Dimensions | 18 cm. |
| 500 ## - GENERAL NOTE | |
| General note | In Telugu. |
| 600 00 - SUBJECT ADDED ENTRY--PERSONAL NAME | |
| Personal name | Pōtana, |
| Dates associated with a name | active 15th century |
| Form subdivision | Poetry. |
No items available.